LDR 00797naa#a2200193#i#450# 001 EN\\bibl\121741 005 20260501080507.5 011 ## _a1998-8990 100 ## _a20260423b2026####ek#y0engy0150####ca 102 ## _aRU 200 1# _aJUSTIFICATION OF THE TECHNICAL POSSIBILITY AND PARAMETERS OF PYROPATRONS APPLICATION FOR SPRAYING BINARY MIXTURES FOR FIRE EXTINGUISHING NEEDS _eJournal article 210 1# _aSaint-Petersburg _cSaint-Petersburg University of State Fire Service of Emercom of Russia _d2026 215 ## _a9 с. 608 ## _aJournal article _2local 675 ## _aТушение с помощью других, например химических средств. 614.844.6 _z 700 #1 _aSorokin _gIgor Aleksandrovich 700 #1 _aBulatov _gV O 700 #1 _aRudnev _gEvgeny V. 856 4# _ajournals.igps.ru _u